[Event "SVK-chT2B 2223"]
[Site "Slovakia"]
[Date "2023.02.12"]
[Round "9.8"]
[White "Cervenka, Peter"]
[Black "Rucek, Pavol"]
[Result "1-0"]
[WhiteElo "1791"]
[BlackElo "1360"]
[PlyCount "105"]
[EventDate "2022.10.08"]
[EventType "team-tourn"]
[EventRounds "11"]
[EventCountry "SVK"]
[SourceTitle "EXT 2024"]
[Source "ChessBase"]
[SourceDate "2023.10.10"]
[SourceVersion "1"]
[SourceVersionDate "2023.10.10"]
[SourceQuality "1"]
[WhiteTeam "Surany"]
[BlackTeam "Belusa"]
[WhiteTeamCountry "SVK"]
[BlackTeamCountry "SVK"]

1. e4 e5 2. Nf3 Nc6 3. Bc4 Bc5 4. c3 Nf6 5. d3 h6 6. h3 d6 7. 0-0 0-0 8. Re1 Na5 9. Bb5 c6 10. Ba4 b5 11. Bc2 Bb6 12. b4 Nb7 13. a4 Be6 14. a5 Bc7 15. a6 Na5 16. bxa5 Bxa5 17. Be3 Bc8 18. d4 Qc7 19. dxe5 dxe5 20. Bc5 Rd8 21. Qe2 Bxa6 22. Nfd2 Bb7 23. Nb3 Bb6 24. N1d2 Nd7 25. Bxb6 Qxb6 26. Na5 Nc5 27. Reb1 Rd7 28. Ndc4 Qc7 29. Qe3 Na6 30. Nxb7 Qxb7 31. Nxe5 Re7 32. Nf3 Nc7 33. Qd3 Ne8 34. e5 g6 35. Bb3 c5 36. Qxg6+ Ng7 37. Qxh6 Qe4 38. Re1 Qh7 39. Qf4 Kf8 40. Ra6 c4 41. Ng5 Qf5 42. Qxf5 Nxf5 43. Bc2 Ng7 44. f4 Ne6 45. Nxe6+ Rxe6 46. Rea1 Rxa6 47. Rxa6 Ke7 48. Be4 Rd8 49. Rxa7+ Ke6 50. Rb7 Rd1+ 51. Kf2 Rc1 52. Rxb5 Rxc3 53. Ke2 1-0

[Event "SVK-chT2B 2223"]
[Site "Slovakia"]
[Date "2022.11.13"]
[Round "4.8"]
[White "Michalec, Juraj"]
[Black "Rucek, Pavol"]
[Result "1/2-1/2"]
[WhiteElo "1659"]
[BlackElo "1330"]
[PlyCount "54"]
[EventDate "2022.10.08"]
[EventType "team-tourn"]
[EventRounds "11"]
[EventCountry "SVK"]
[SourceTitle "EXT 2024"]
[Source "ChessBase"]
[SourceDate "2023.10.10"]
[SourceVersion "1"]
[SourceVersionDate "2023.10.10"]
[SourceQuality "1"]
[WhiteTeam "Prievidza"]
[BlackTeam "Belusa"]
[WhiteTeamCountry "SVK"]
[BlackTeamCountry "SVK"]

1. e4 e5 2. Nf3 Nc6 3. Bc4 Bc5 4. c3 d6 5. d4 exd4 6. cxd4 Bb6 7. 0-0 Bg4 8. Be3 Nf6 9. Nc3 Qe7 10. Bb5 0-0 11. Bxc6 bxc6 12. h3 Bh5 13. Bg5 Qe6 14. Re1 Bxf3 15. Qxf3 Bxd4 16. Qd3 Qe5 17. Be3 Bxc3 18. bxc3 Qxe4 19. Qa6 Qf5 20. Qxc6 Qd7 21. Qf3 c5 22. Rad1 Rfc8 23. Bxc5 Qc6 24. Qxc6 Rxc6 25. Bxd6 Rxc3 26. Be5 Rc2 27. a3 Rac8 1/2-1/2

[Event "SVK-chT2B 2223"]
[Site "Slovakia"]
[Date "2022.11.12"]
[Round "3.8"]
[White "Rucek, Pavol"]
[Black "Seles, Samuel"]
[Result "1-0"]
[WhiteElo "1330"]
[BlackElo "1173"]
[PlyCount "69"]
[EventDate "2022.10.08"]
[EventType "team-tourn"]
[EventRounds "11"]
[EventCountry "SVK"]
[SourceTitle "EXT 2024"]
[Source "ChessBase"]
[SourceDate "2023.10.10"]
[SourceVersion "1"]
[SourceVersionDate "2023.10.10"]
[SourceQuality "1"]
[WhiteTeam "Belusa"]
[BlackTeam "Topolcany II"]
[WhiteTeamCountry "SVK"]
[BlackTeamCountry "SVK"]

1. d4 Nf6 2. Bf4 d5 3. e3 e6 4. c3 h6 5. Nf3 Nbd7 6. Bd3 b6 7. Nbd2 c5 8. 0-0 c4 9. Bc2 b5 10. a3 a5 11. Re1 Bb7 12. Ne5 Bd6 13. Nxf7 Kxf7 14. Bxd6 Qb6 15. Bg3 b4 16. axb4 axb4 17. Ba4 Ke7 18. Qe2 Bc6 19. Bxc6 Qxc6 20. e4 Nb6 21. exd5 Nbxd5 22. Nxc4 Rhd8 23. Bd6+ Rxd6 24. Rxa8 Nf4 25. Ra7+ Nd7 26. Qg4 g5 27. Nxd6 Qxd6 28. Qf5 Qc6 29. Qc5+ Qxc5 30. dxc5 Kd8 31. cxb4 Nd3 32. Rxe6 Nxb4 33. Rxh6 Ke8 34. Rh8+ Ke7 35. Rh7+ 1-0

[Event "SVK-chT3B2 2122"]
[Site "Slovakia"]
[Date "2022.02.27"]
[Round "5.4"]
[White "Horvath, Alojz"]
[Black "Rucek, Pavol"]
[Result "1-0"]
[WhiteElo "1686"]
[BlackElo "1330"]
[PlyCount "97"]
[EventDate "2021.10.24"]
[EventType "team-tourn"]
[EventRounds "11"]
[EventCountry "SVK"]
[SourceTitle "EXT 2023"]
[Source "ChessBase"]
[SourceDate "2022.10.05"]
[SourceVersion "1"]
[SourceVersionDate "2022.10.05"]
[SourceQuality "1"]
[WhiteTeam "Dubnica nad Vahom III"]
[BlackTeam "Belusa II"]
[WhiteTeamCountry "SVK"]
[BlackTeamCountry "SVK"]

1. e4 e5 2. Nf3 Nc6 3. Nc3 Bc5 4. Be2 d6 5. Bb5 Bd7 6. 0-0 Nf6 7. d3 h6 8. Na4 a6 9. Nxc5 axb5 10. Nxd7 Qxd7 11. h3 g5 12. Nh2 Rg8 13. f3 Nh5 14. Ng4 Rg6 15. Ne3 Nf4 16. c3 0-0-0 17. a4 b4 18. Nf5 d5 19. Be3 dxe4 20. dxe4 bxc3 21. Qxd7+ Rxd7 22. bxc3 Ne2+ 23. Kf2 Nxc3 24. Rfc1 Rd3 25. Kf1 Kd7 26. Ra3 Rd1+ 27. Rxd1+ Nxd1 28. Rd3+ Rd6 29. Nxd6 Nxe3+ 30. Rxe3 Kxd6 31. Re1 Nd4 32. Rc1 b6 33. Kf2 c5 34. g3 f5 35. exf5 Nxf5 36. g4 Nd4 37. Ke3 Kd5 38. Rb1 Kc6 39. Ke4 c4 40. Kxe5 Nxf3+ 41. Kf5 Kc5 42. Kg6 Nd4 43. Kxh6 c3 44. Kxg5 c2 45. Rc1 Kc4 46. Kf6 Kb3 47. g5 Kb2 48. Rxc2+ Kxc2 49. g6 1-0

[Event "SVK-chT3B2 2122"]
[Site "Slovakia"]
[Date "2021.10.24"]
[Round "1.6"]
[White "Rucek, Pavol"]
[Black "Krisko, Milan"]
[Result "0-1"]
[WhiteElo "1330"]
[BlackElo "1699"]
[PlyCount "70"]
[EventDate "2021.10.24"]
[EventType "team-tourn"]
[EventRounds "11"]
[EventCountry "SVK"]
[SourceTitle "EXT 2023"]
[Source "ChessBase"]
[SourceDate "2022.10.05"]
[SourceVersion "1"]
[SourceVersionDate "2022.10.05"]
[SourceQuality "1"]
[WhiteTeam "Belusa II"]
[BlackTeam "Handlova"]
[WhiteTeamCountry "SVK"]
[BlackTeamCountry "SVK"]

1. d4 d5 2. Bf4 Nf6 3. e3 e6 4. c3 Be7 5. Nf3 0-0 6. Nbd2 c5 7. b3 b6 8. Bd3 Bb7 9. Ne5 Nbd7 10. h4 Ne4 11. Qc2 cxd4 12. exd4 Ndf6 13. g4 Rc8 14. Bxe4 dxe4 15. Be3 Nd5 16. c4 Bxh4 17. Ke2 f5 18. f4 Bf6 19. Rh2 Bxe5 20. fxe5 Nxe3 21. Kxe3 Qg5+ 22. Kf2 e3+ 23. Ke2 Qxg4+ 24. Kxe3 Qg3+ 25. Nf3 Bxf3 26. Qf2 Qxf2+ 27. Kxf2 Be4 28. Ke3 Rc7 29. Rg1 Rd8 30. Rh6 g6 31. Rd1 Rcd7 32. Rh2 Kg7 33. Rh4 g5 34. Rg1 Kg6 35. Rh2 Rxd4 0-1

[Event "SVK-chT3B2 1819"]
[Site "Slovakia"]
[Date "2018.11.25"]
[Round "3.7"]
[White "Malinovsky, Jozef"]
[Black "Rucek, Pavol"]
[Result "1-0"]
[WhiteElo "1780"]
[BlackElo "1403"]
[PlyCount "99"]
[EventDate "2018.10.21"]
[EventType "team-tourn"]
[EventRounds "11"]
[EventCountry "SVK"]
[SourceTitle "CBM 189 Extra"]
[Source "ChessBase"]
[SourceDate "2019.06.03"]
[SourceVersion "1"]
[SourceVersionDate "2019.06.03"]
[SourceQuality "1"]
[WhiteTeam "Povazska Bystrica Sparta"]
[BlackTeam "Belusa"]
[WhiteTeamCountry "SVK"]
[BlackTeamCountry "SVK"]

1. Nf3 d5 2. d4 Nc6 3. Bf4 Nf6 4. e3 Bg4 5. Bd3 e6 6. h3 Bh5 7. a3 Nd7 8. Nbd2 e5 9. dxe5 Ndxe5 10. g4 Nxd3+ 11. cxd3 Bg6 12. Nb3 Bd6 13. Bxd6 Qxd6 14. Nh4 0-0-0 15. Qc2 Ne5 16. Nxg6 Qxg6 17. 0-0-0 h5 18. f4 Rd6 19. Nd4 Nf3 20. Nb5 c6 21. Nxd6+ Qxd6 22. Qf2 Qc5+ 23. Kb1 hxg4 24. hxg4 Rh2 25. Rxh2 Nxh2 26. Qxh2 Qxe3 27. Qd2 Qd4 28. Re1 Kd7 29. g5 Qc5 30. Qe2 Qf8 31. f5 Qd8 32. Qg4 f6 33. gxf6 Qxf6 34. Re6 Qf7 35. Qg6 Qf8 36. Re1 Kc7 37. Re8 Qf6 38. Qxf6 gxf6 39. Re6 Kd7 40. Rxf6 Ke7 41. Re6+ Kf7 42. b4 a6 43. d4 Kf8 44. Kc2 Kf7 45. Kd3 Kf8 46. Ke3 Kf7 47. Kf4 Kf8 48. Kg5 Kf7 49. Rh6 Kg7 50. f6+ 1-0

[Event "SVK-chT3B2 1617"]
[Site "Slovakia"]
[Date "2016.11.13"]
[Round "3.7"]
[White "Tomko, Michal"]
[Black "Rucek, Pavol"]
[Result "1-0"]
[WhiteElo "1714"]
[BlackElo "1000"]
[PlyCount "77"]
[EventDate "2016.10.16"]
[EventType "team-tourn"]
[EventRounds "11"]
[EventCountry "SVK"]
[SourceTitle "EXT 2018"]
[Source "ChessBase"]
[SourceDate "2017.10.13"]
[SourceVersion "1"]
[SourceVersionDate "2017.10.13"]
[SourceQuality "1"]
[WhiteTeam "Dubnica nad Vahom III"]
[BlackTeam "Belusa"]
[WhiteTeamCountry "SVK"]
[BlackTeamCountry "SVK"]

1. e4 e5 2. Nf3 Nc6 3. Bb5 Bc5 4. c3 Nge7 5. d4 exd4 6. cxd4 a6 7. Bxc6 Bb4+ 8. Bd2 Bxd2+ 9. Qxd2 dxc6 10. Nc3 Be6 11. 0-0-0 b5 12. Kb1 b4 13. Na4 a5 14. a3 0-0 15. h3 Ng6 16. Ng5 Qf6 17. Nxe6 fxe6 18. f3 Rfd8 19. Qe3 e5 20. dxe5 Qxe5 21. Qc5 Rd6 22. Rxd6 Qxc5 23. Nxc5 cxd6 24. Nb7 d5 25. exd5 cxd5 26. Rd1 Ra7 27. Nd6 Nf4 28. Rd2 Rd7 29. Nb5 Kf7 30. h4 Kf6 31. Kc2 Re7 32. g3 Ne2 33. g4 Re5 34. Kd1 Nf4 35. g5+ Ke6 36. Nd4+ Kd6 37. Rc2 Re3 38. Nf5+ Ke5 39. Nxe3 1-0

[Event "SVK-chT3B2 1617"]
[Site "Slovakia"]
[Date "2016.10.16"]
[Round "1.8"]
[White "Rucek, Pavol"]
[Black "Pis, Jozef"]
[Result "1-0"]
[WhiteElo "1000"]
[BlackElo "1000"]
[PlyCount "53"]
[EventDate "2016.10.16"]
[EventType "team-tourn"]
[EventRounds "11"]
[EventCountry "SVK"]
[SourceTitle "CBM 175 Extra"]
[Source "ChessBase"]
[SourceDate "2016.12.12"]
[SourceVersion "1"]
[SourceVersionDate "2016.12.12"]
[SourceQuality "1"]
[WhiteTeam "Belusa"]
[BlackTeam "Bojnice"]
[WhiteTeamCountry "SVK"]
[BlackTeamCountry "SVK"]

1. e4 d6 2. d4 Nf6 3. Nc3 g6 4. Bc4 Bg7 5. Nf3 0-0 6. Bg5 Bg4 7. h3 Bxf3 8. Qxf3 c6 9. e5 dxe5 10. dxe5 Ne8 11. e6 Nd6 12. Rd1 Qa5 13. Bxe7 Nxc4 14. Bxf8 Qe5+ 15. Ne4 Qxe6 16. Bxg7 Kxg7 17. Qc3+ f6 18. 0-0 Qxe4 19. Rfe1 Qf5 20. Qxc4 Na6 21. Re7+ Kh6 22. Qh4+ Qh5 23. Qxh5+ gxh5 24. Rdd7 Rh8 25. Rxb7 Nc5 26. Rxa7 Ne4 27. f4 1-0